000 00969naa a22002537a 4500
001 BR9300473
003 BR-BrBNA
005 20240918180835.0
007 ta
008 230509b bl.||||| |||| 00| 0 por d
040 _aBR-BrBNA
_bpor
_cBiblioteca Nacional de Agricultura
041 _a(Pt)
072 _aF01
_b1910
090 _aF01 BR9300473
100 1 _aBuono, L.G.P.
111 1 _a14. Semana de Zootecnia
_cPirassununga, SP (Brazil)
_d11-13 Dec 1991
245 1 _aManejo e formacao de pastagens
260 3 _aCampinas, SP (Brasil):
_c1992.
500 _aFukushima, R.S. (coord.) A interacao solo x pastagens x nutricao animal Campinas, SP (Brasil): 1992. p. 63-65 (BR9300473-AM)F01
650 _aPastagem
773 0 _tA interacao solo x pastagens x nutricao animal
_aFukushima, R.S. (coord.). Fundacao Cargill, Campinas, SP (Brasil)
_wF01 BR9300473
_gCampinas, SP (Brasil), 1992. p. 63-65
909 _a202404
_bLucia
_c55
_dLucia Elande
942 _cAM
_2AGRIS
999 _c322240
_d322240